Любими мелодии от прочути композитори (Запис номер 498445)
[ съкратено ]
| 000 -Лидер | |
|---|---|
| Лидер | 01139nam a2200289 a 4500 |
| 003 - Код на организацията, давaща контролен номер | |
| Код на организацията, даваща контролен номер | BLK |
| 005 - Дата и час на последна редакция | |
| Дата и час на последна редакция | 20250426134356.0 |
| 007 - Фиксирано поле за физическо описани | |
| Физическо описание | ta |
| 008 - Елементи от данни с фиксирана дължина | |
| Елементи с фиксирана дължина | 200916b bu |||||r|||| 00| | bu d |
| 020 ## - Международен стандартен номер на книга ISBN | |
| ISBN | 978- |
| Коментар към ISBN | 3800083833642 |
| 040 ## - Източник на каталожния запис | |
| Код на библиотеката | BLK |
| 041 ## - Код за език | |
| Език | Български |
| Език за КДБФ | Български |
| 080 ## - УДК | |
| УДК текст | Музика |
| УДК код | 78 |
| УДК – код + определител | 78 |
| 9 (RLIN) | 234805 |
| 084 ## - Класификационен индекс по друга класификация | |
| Авторски знак | Люб - Л 95 |
| 245 ## - Сведения за заглавието | |
| Заглавие | Любими мелодии от прочути композитори |
| Подзаглавни данни | Книга със звуци |
| Авторска отговорност | ил. Александра Коломбо |
| 257 ## - Страна на издаване | |
| Страна на създаване/издаване | България |
| 260 ## - Област на издателските данни | |
| 9 (RLIN) | 209475 |
| Място на издаване | София |
| Име на издателя | Фют |
| Година на издаване | 2023 |
| Печатница | Китай |
| Издателство - префикс ISBN | 978-619-199- ; 978-954-625- |
| 300 ## - Физическа характеристика | |
| Брой страници | [12] л. |
| Илюстрации | с цв. ил. |
| Размер | 19x19 см |
| 380 ## - Жанр | |
| Жанр | Детска отраслова лит. |
| 500 ## - Общи забележки | |
| Обща забележка | Кор. опис. - Ориг. загл.: Classical Melodies / ill. Alexandra Colombo. - Кн. отпеч. на ламиниран картон. <br/><br/> |
| 700 ## - Други автори (авторска отговорност) | |
| 9 (RLIN) | 489781 |
| Друг автор | Коломбо, Александра |
| 856 ## - Електронен адрес и достъп | |
| Инструкция (цена за достъп) | 0.00 |
| Права за достъп | disable |
| 942 ## - АРТИКУЛИ | |
| Вид на библиотечния документ | Книги |
| Скрит в OPAC | Не |
| Периодичен библиозапис | Да |
| Koha issues (borrowed), all copies | 31 |
| 944 ## - СЪЗДАВАНЕ И РЕДАКЦИЯ на ЗАПИСА | |
| Служител, извършил регистрацията/редакцията | 30542 |
| Номер на служител | Русанова Ирена |
| Дата на регистрацията/редакция | Диана Гривева |
| 999 ## - СИСТЕМНИ КОНТРОЛНИ НОМЕРА | |
| Koha biblionumber | 498445 |
| Koha biblioitemnumber | 498445 |
| 999 ## - СИСТЕМНИ КОНТРОЛНИ НОМЕРА | |
| Koha biblioitemnumber | 498445 |
| Код за отписване | Код за изгубен артикул | Източник на класификационната схема | Код за повреда | Код за отдаване | Артикулен № | Име на библиотеката - собственик | Име на библиотеката, в която се намира в момента | Статус (Текущо местоположение) | Дата на вписване в системата | Местоположение - отдел | Цена в лева | Инвентарен номер | Систематично азбучна сигнатура | Баркод | Цена в евро | Служебен тип на артикула |
|---|---|---|---|---|---|---|---|---|---|---|---|---|---|---|---|---|
| Не е изгубен | Universal Decimal Classification | Не е повреден | заемане за дома | 936895 | Регионална библиотека "Любен Каравелов" Русе | Регионална библиотека "Любен Каравелов" Русе | Детски отдел | 2023-11-22 | Детски отдел | 11.13 | 120000895919 | 78/Л 95 | 120000895919 | 5.69 | Книги | |
| Не е изгубен | Universal Decimal Classification | Не е повреден | заемане за дома | 936896 | Регионална библиотека "Любен Каравелов" Русе | Регионална библиотека "Любен Каравелов" Русе | Детски отдел | 2023-11-22 | Детски отдел | 11.13 | 120000895920 | 78/Л 95 | 120000895920 | 5.69 | Книги |